The Spatial Humanities : GIS and the Future of Humanities Scholarship /

Gespeichert in:
Bibliographische Detailangaben
1. Verfasser: Bodenhamer, David J. (ed.)
Weitere Verfasser: Corrigan, John (edición) (edición), Harris, Trevor M. (edición) (edición)
Format: Buch
Sprache:Englisch
Veröffentlicht: Bloomington, EUA : Indiana University, 2010, c2010
Schlagworte:
Tags: Tag hinzufügen
Keine Tags, Fügen Sie das erste Tag hinzu!

MARC

LEADER 00000nam^a2200000^a^4500
001 000326315
005 20250521000000.0
009 20260310113802.641
020 |a 978-0-253-22217-6 
037 |a Acervo Xavier Clavigero 
041 |a ING 
082 |a 910. 285  |b BON 
100 |a Bodenhamer, David J.  |e (ed.) 
245 1 4 |a The Spatial Humanities :  |b GIS and the Future of Humanities Scholarship /  |c Ed. de D.J. Bodenhamer, J. Corrigan, T.M. Harris. 
264 4 |a Bloomington, EUA :  |b Indiana University,  |c 2010, c2010 
300 |a XV, 203 p. 
336 |a texto  |b txt  |2 rdacontenido 
337 |a sin mediación  |b n  |2 rdamedio 
338 |a volumen  |b nc  |2 rdasoporte 
649 |a XX 
650 |a Información Geográfica 
650 |a Sistemas de Información Geográfica -  |x Aspectos Sociales y Culturales 
650 |a Geografía Humana 
650 |a Humanidades 
650 |a Apoyos Didácticos 
650 |a Tecnología Educativa 
650 |a Geomática 
650 |a Geografía 
700 |a Corrigan, John  |e (edición) 
700 |a Harris, Trevor M.  |e (edición) 
910 |a Fondo General 
920 |a Impresos - Libros 
930 |a Colección General 
905 |a 101 
901 |a 0500214686  |b IT1  |c ACC  |i FXC C956  |u 20250521 
902 |a https://opac.biblio.iteso.mx/vufind/Record/000326315